00833nam a2200193 i 4500001000700000003000900007005001700016008004100033100003100074245020400105260004800309300002800357490004400385505008600429700002300515710004100538830004100579852001900620170729ES-MaACL20251120063148.0090401s1950 sp |||| | spa d1 aBalmes, Jaime, d1810-184810aObras Completas. nT. VIII / cJaime Balmes ; edición de la Biblioteca de autores cristianos, dirigida por la Fundación Balmesiana de Barcelona, según la ordenada y anotada por el P. Casanovas. aMadrid : bLa Editorial Católica, c1950. aXVI, 1013 p. ; c20 cm.1 aBiblioteca de autores cristianos ; v668 aContiene: Biografías ; Miscelánea ; Primeros escritos ; Poesías ; Índices1 aCasanovas, Ignasi.2 aFundación Balmesiana de Barcelona.00aBiblioteca de autores cristianosv66 aES-MaACLjJ-64